[Event "Madrid San Viator op-A 26th"]
[Site "Madrid"]
[Date "2016.05.29"]
[Round "8"]
[White "Recuenco Andres, Javier"]
[Black "De Vicente Guijarro, Juan"]
[Result "1/2-1/2"]
[WhiteElo "1944"]
[BlackElo "1761"]
[PlyCount "101"]
[EventDate "2016.04.03"]
[EventType "swiss"]
[EventRounds "9"]
[EventCountry "ESP"]
[SourceTitle "EXT 2017"]
[Source "ChessBase"]
[SourceDate "2016.10.25"]
[SourceVersion "1"]
[SourceVersionDate "2016.10.25"]
[SourceQuality "1"]

1. e4 e5 2. Nf3 Nf6 3. Nc3 Nc6 4. d4 exd4 5. Nxd4 Bb4 6. Nxc6 bxc6 7. Bd3 d5 8. exd5 Qe7+ 9. Qe2 cxd5 10. Qxe7+ Bxe7 11. Nb5 Kd8 12. Bf4 Ne8 13. 0-0-0 c6 14. Nd4 Bd7 15. Bf5 Bf6 16. Bxd7 Kxd7 17. c4 Nc7 18. Bxc7 Kxc7 19. cxd5 cxd5 20. Rhe1 Rhe8 21. Nf3 Kd6 22. Rxe8 Rxe8 23. Rd2 Rc8+ 24. Kd1 Rb8 25. b3 Rc8 26. Rc2 Rc5 27. Kd2 Kc6 28. Kd3 Kb5 29. a3 a5 30. Ne1 Be5 31. h3 Bf6 32. f4 Bh4 33. Nf3 Rxc2 34. Kxc2 Be7 35. Nd4+ Kc5 36. Kd3 Bf6 37. Nf3 Bb2 38. b4+ axb4 39. axb4+ Kxb4 40. Ng5 f6 41. Nxh7 Kc5 42. Nf8 Kd6 43. Ng6 Ke6 44. g4 f5 45. Nh4 fxg4 46. hxg4 Bf6 47. Nf3 Bb2 48. Nd4+ Kf6 49. Nf3 Bc1 50. f5 Bb2 51. Ke3 1/2-1/2

[Event "Madrid Oliver Gonzalez Memorial 2nd"]
[Site "Madrid"]
[Date "2011.10.14"]
[Round "7"]
[White "Recuenco Andres, Javier"]
[Black "Vazquez Torres, Adrian"]
[Result "0-1"]
[WhiteElo "1976"]
[BlackElo "2148"]
[PlyCount "60"]
[EventDate "2011.10.08"]
[EventType "swiss"]
[EventRounds "9"]
[EventCountry "ESP"]
[SourceTitle "CBM 144 Extra"]
[Source "ChessBase"]
[SourceDate "2011.10.28"]
[SourceVersion "1"]
[SourceVersionDate "2011.10.28"]
[SourceQuality "1"]

1. e4 c5 2. Nc3 d6 3. Bc4 Nc6 4. Nge2 g6 5. d4 cxd4 6. Nxd4 Bg7 7. Nxc6 bxc6 8. Qf3 Nf6 9. h3 0-0 10. 0-0 Nd7 11. Bf4 Ne5 12. Bxe5 Bxe5 13. Rab1 Qa5 14. Qd3 Rb8 15. f4 Bg7 16. f5 Rb4 17. Kh1 d5 18. exd5 Bxf5 19. Rxf5 gxf5 20. a3 Rb6 21. Qxf5 e6 22. Qg5 cxd5 23. Bd3 Kh8 24. Rf1 Rxb2 25. Ne4 Qd8 26. Nf6 Bxf6 27. Rxf6 Rb1+ 28. Kh2 Qd6+ 29. g3 Qc5 30. Bf1 Qxc2+ 0-1

[Event "Moratalaz op 19th"]
[Site "Madrid"]
[Date "2006.09.19"]
[Round "2"]
[White "Herraiz Hidalgo, Herminio"]
[Black "Recuenco Andres, Javier"]
[Result "1-0"]
[WhiteElo "2492"]
[BlackElo "2018"]
[PlyCount "69"]
[EventDate "2006.09.18"]
[EventType "swiss"]
[EventRounds "9"]
[EventCountry "ESP"]
[SourceTitle "CBM 114 Extra"]
[Source "ChessBase"]
[SourceDate "2006.11.03"]
[SourceVersion "1"]
[SourceVersionDate "2006.11.03"]
[SourceQuality "1"]

1. d4 d5 2. c4 c6 3. Nf3 Nf6 4. Nc3 e6 5. Bg5 Be7 6. e3 Nbd7 7. Qc2 Qa5 8. cxd5 Nxd5 9. Bxe7 Nxe7 10. Bd3 b6 11. Nd2 Ba6 12. Nc4 Bxc4 13. Bxc4 Nd5 14. 0-0 Nxc3 15. bxc3 0-0 16. Bd3 g6 17. e4 Rad8 18. f4 c5 19. Rad1 cxd4 20. cxd4 Rc8 21. Qe2 Qb4 22. Kh1 Qe7 23. Bc4 Kg7 24. e5 Nb8 25. d5 exd5 26. Bxd5 Nc6 27. Qe4 f5 28. Qe2 Nb4 29. Bb3 Rfd8 30. e6 Nc6 31. Ba4 Rd6 32. Rxd6 Qxd6 33. Rd1 Qxf4 34. Bxc6 Rxc6 35. e7 1-0